Auditoría energética en un beneficio de café
Kaydedildi:
| Yazar: | |
|---|---|
| Materyal Türü: | Kitap |
| Dil: | Spanish |
| Baskı/Yayın Bilgisi: |
San José, Costa Rica
2012
|
| Konular: | |
| Etiketler: |
Etiketle
Etiket eklenmemiş, İlk siz ekleyin!
|
MARC
| LEADER | 00000nam a22000007a 4500 | ||
|---|---|---|---|
| 003 | 010829 | ||
| 005 | 20221231143925.0 | ||
| 008 | 151028b cr ||||| |||| 00| 0 spa d | ||
| 040 | |c cru CEDI | ||
| 090 | |a TFG 6651 | ||
| 100 | |9 1848 |a Chaves Brenes, Triana | ||
| 245 | |a Auditoría energética en un beneficio de café | ||
| 260 | |a San José, Costa Rica |c 2012 | ||
| 500 | |a Proyecto de graduación (licenciatura en ingeniería química)--Universidad de Costa Rica. Facultad de Ingeniería. Escuela de Ingeniería Química | ||
| 650 | |x BENEFICIO DE CAFE - CONSERVACION DE LA ENERGIA - COSTA RICA |x CAFE - SECADO |x CONSUMO DE ENERGIA |x AUDITORIA ENERGETICA |9 1849 | ||
| 942 | |c TFG | ||
| 999 | |c 14299 |d 14299 | ||
